International routes from London Heathrow International Airport (LHR) - Statistics

General Stats
  • This quiz has been taken 39 times
  • The average score is 149 of 170
Answer Stats
Airline International Route Country % Correct
KLM Amsterdam Netherlands
100%
Aegean Airlines Athens Greece
100%
EVA Air Bangkok-Suvarnabhumi Thailand
100%
Thai Airways International Bangkok-Suvarnabhumi Thailand
100%
Vueling Barcelona Spain
100%
Air China Beijing-Capital China
100%
China Southern Airlines Beijing-Daxing China
100%
Eurowings Berlin Germany
100%
Brussels Airlines Brussels Belgium
100%
EgyptAir Cairo Egypt
100%
Virgin Atlantic Cape Town South Africa
100%
American Airlines Chicago-O'Hare United States of America
100%
United Airlines Chicago-O'Hare United States of America
100%
Scandinavian Airlines Copenhagen Denmark
100%
Air India Delhi India
100%
IndiGo Delhi India
100%
Virgin Atlantic Delhi India
100%
Aer Lingus Dublin Ireland
100%
Lufthansa Frankfurt Germany
100%
Lufthansa City Airlines Frankfurt Germany
100%
Finnair Helsinki Finland
100%
Cathay Pacific Hong Kong China
100%
Turkish Airlines Istanbul Turkiye
100%
Virgin Atlantic Johannesburg-O.R Tambo South Africa
100%
Kuwait Airways Kuwait City Kuwait
100%
TAP Air Portugal Lisbon Portugal
100%
American Airlines Los Angeles United States of America
100%
United Airlines Los Angeles United States of America
100%
Virgin Atlantic Los Angeles United States of America
100%
Iberia Madrid Spain
100%
American Airlines Miami United States of America
100%
Virgin Atlantic Miami United States of America
100%
Air Canada Mumbai-Shivaji India
100%
Air India Mumbai-Shivaji India
100%
IndiGo Mumbai-Shivaji India
100%
Virgin Atlantic Mumbai-Shivaji United States of America
100%
American Airlines New York-JFK United States of America
100%
Delta Airlines New York-JFK United States of America
100%
JetBlue New York-JFK United States of America
100%
Virgin Atlantic New York-JFK United States of America
100%
Scandinavian Airlines Oslo Norway
100%
Air France Paris-Charles de Gaulle France
100%
Vueling Paris-Orly France
100%
United Airlines San Francisco United States of America
100%
Virgin Atlantic San Francisco United States of America
100%
Vueling Santiago de Compostela Spain
100%
China Eastern Airlines Shanghai-Pudong China
100%
Qantas Singapore Singapore
100%
Singapore Airlines Singapore Singapore
100%
Scandinavian Airlines Stockholm-Arlanda Sweden
100%
China Airlines Taipei-Taoyuan Taiwan
100%
EVA Air Taipei-Taoyuan Taiwan
100%
El Al Tel Aviv Israel
100%
ANA Tokyo-Haneda Japan
100%
Japan Airlines Tokyo-Haneda Japan
100%
Air Canada Toronto-Pearson Canada
100%
Virgin Atlantic Toronto-Pearson Canada
100%
Air Canada Vancouver Canada
100%
Austrian Airlines Vienna Austria
100%
LOT Polish Airlines Warsaw-Chopin Poland
100%
Etihad Airways Abu Dhabi United Arab Emirates
93%
Air Algerie Algiers Algeria
93%
Avianca Bogota Colombia
93%
American Airlines Boston United States of America
93%
Delta Airlines Boston United States of America
93%
JetBlue Boston United States of America
93%
Virgin Atlantic Boston United States of America
93%
American Airlines Dallas/Fort Worth United States of America
93%
Biman Bangladesh Airlines Dhaka Bangladesh
93%
Emirates Dubai-International United Arab Emirates
93%
Royal Brunei Airlines Dubai-International United Arab Emirates
93%
Virgin Atlantic Dubai-International United Arab Emirates
93%
Eurowings Dusseldorf Germany
93%
Swiss International Airlines Geneva Switzerland
93%
Eurowings Hamburg Germany
93%
United Airlines Houston-Intercontiental United States of America
93%
Pakistan International Airlines Islamabad Pakistan
93%
Malaysia Airlines Kuala Lumpur-International Malaysia
93%
Virgin Atlantic Lagos Nigeria
93%
Virgin Atlantic Las Vegas United States of America
93%
Qantas Melbourne Australia
93%
Air Canada Montreal-Trudeau Canada
93%
Lufthansa Munich Germany
93%
Lufthansa City Airlines Munich Germany
93%
Oman Air Muscat Oman
93%
Air Canada Ottawa Canada
93%
Qantas Perth Australia
93%
Icelandair Reykjavik-Keflavik Iceland
93%
Riyadh Air Riyadh Saudi Arabia
93%
Saudia Riyadh Saudi Arabia
93%
Virgin Atlantic Riyadh Saudi Arabia
93%
ITA Airways Rome-Fiumicino Italy
93%
Delta Airlines Salt Lake City United States of America
93%
Asiana Airlines Seoul-Incheon South Korea
93%
Korean Air Seoul-Incheon South Korea
93%
Virgin Atlantic Seoul-Incheon South Korea
93%
Bulgaria Air Sofia Bulgaria
93%
Qantas Sydney Australia
93%
Tunisair Tunis Tuinisia
93%
United Airlines Washington-Dulles United States of America
93%
Virgin Atlantic Washington-Dulles United States of America
93%
Croatia Airlines Zagreb Croatia
93%
Swiss International Airlines Zurich Switzerland
93%
Ethiopian Airlines Addis Ababa Ethiopia
87%
Royal Jordanian Amman Jordan
87%
Delta Airlines Atlanta United States of America
87%
Virgin Atlantic Atlanta United States of America
87%
Azerbaijan Airlines Baku Azerbaijan
87%
MEA Beirut Lebanon
87%
Air Canada Calgary Canada
87%
WestJet Calgary Canada
87%
Royal Air Maroc Casablanca Morocco
87%
Eurowings Cologne Germany
87%
Aer Lingus Cork Ireland
87%
Delta Airlines Detroit United States of America
87%
Qatar Airways Doha Qatar
87%
Virgin Atlantic Orlando United States of America
87%
American Airlines Philadelphia United States of America
87%
LATAM Brasil Sao Paulo-Guarulhos Brazil
87%
Alaska Airlines Seattle/Tacoma United States of America
87%
Delta Airlines Seattle/Tacoma United States of America
87%
Virgin Atlantic Seattle/Tacoma United States of America
87%
Eurowings Stuttgart Germany
87%
Air Astana Almaty Kazakhstan
80%
Virgin Atlantic Cancun Mexico
80%
SriLankan Airlines Colombo Sri Lanka
80%
China Southern Airlines Guangzhou China
80%
Air Canada Halifax Canada
80%
Saudia Jeddah Saudi Arabia
80%
Delta Airlines Minneapolis/St.Paul United States of America
80%
Kenya Airways Nairobi-Jomo Kenyatta Kenya
80%
United Airlines Newark United States of America
80%
Vueling Seville Spain
80%
Virgin Atlantic Tampa United States of America
80%
Tianjin Airlines Tianjin China
80%
Tianjin Airlines Xi'an China
80%
Virgin Atlantic Barbados Barbados
73%
Air India Bengaluru India
73%
Virgin Atlantic Bengaluru India
73%
American Airlines Charlotte United States of America
73%
United Airlines Denver United States of America
73%
Pakistan International Airlines Lahore Pakistan
73%
EgyptAir Luxor Egypt
73%
Virgin Atlantic Male Maldives
73%
Virgin Atlantic Montego Bay Jamaica
73%
American Airlines Phoenix-Sky Harbor United States of America
73%
Aer Lingus Shannon Ireland
73%
Shenzhen Airlines Shenzhen China
73%
Croatia Airlines Split Croatia
73%
China Southern Airlines Wuhan China
73%
Virgin Atlantic Antigua Antigua and Barbuda
67%
Air China Chengdu-Tianfu China
67%
Saudia Dammam/Damman Saudi Arabia
67%
RwandAir Kigali Rwanda
67%
KM Malta Airlines Valetta Malta
67%
Air Peace Abuja Nigeria
60%
Royal Brunei Airlines Bandar Seri Begwan Brunei
60%
Vueling Bilbao Spain
60%
Tianjin Airlines Chongqing China
60%
Virgin Atlantic Grenada Grenada
60%
Virgin Atlantic Phuket Thailand
60%
Virgin Atlantic St. Vincent St. Vincent and the Grenadines
60%
Aer Lingus Knock Ireland
53%
American Airlines Raleigh/Durham United States of America
53%
Lufthansa Salzburg Austria
53%
Biman Bangladesh Airlines Sylhet Bangladesh
53%
Hainan Airlines Changsha China
47%
Hainan Airlines Haikou China
47%
Beijing Capital Airlines Qingdao China
40%
Scandinavian Airlines Salen Sweden
27%
No matching quizzes found
Score Distribution
Percent of People with Each Score
Percentile by Number Answered
Your Score History
You have not taken this quiz